000 00664cam a22002171 4500
001 e 15001004
003 DLC
005 20260227111204.0
008 830608s1914 ilu 000 0 eng
010 _ae 15001004
035 _a(OCoLC)9590187
040 _aDLC
_cICarbS
_dICarbS
_dDLC
042 _apremarc
050 0 0 _aLB1561.I3
_bA4
110 2 _aSouthern Illinois University at Carbondale.
245 1 0 _aManual and course of study.
_bGrades I to VI, Training school, W. A. Furr, supt.
260 _aCarbondale,
_bSouthern Illinois state normal university,
_c1914.
300 _a106 p.
_c23 cm.
650 0 _aEducation
_xCurricula.
650 0 _aEducation.
999 _c19815
_d19815